A study of salaries and fringe benefits of municipal recreation and park department employees in Texas /

Bibliographic Details
Main Author: McCann, Eileen Mary, 1958-
Format: Thesis eBook
Language:English
Published: [Place of publication not identified] : [publisher not identified] ; 1986.
Subjects:
Online Access:Link to OAKTrust copy

MARC

Tag First Indicator Second Indicator Subfields
LEADER 00000cam a2200000 a 4500
001 in00000017451
005 20220103114012.0
007 cr unu a
008 880630s1986 xx b 00010 eng d
035 |9 AAB2086AM 
035 |a (OCoLC)18155712 
040 |a TXA  |c TXA  |d UtOrBLW 
043 |a n-us-tx 
049 |a TXAZ [Also in] [Archives]  |c 1 [A09991530], 2 [A09991548] 
099 |a 1986  |a Thesis  |a M121s 
100 1 |a McCann, Eileen Mary,  |d 1958- 
245 1 2 |a A study of salaries and fringe benefits of municipal recreation and park department employees in Texas /  |c by Eileen Mary McCann. 
264 1 |a [Place of publication not identified] :  |b [publisher not identified] ;  |c 1986. 
300 |a viii, 67 leaves ;  |c 28 cm. 
336 |a text  |b txt  |2 rdacontent 
337 |a computer  |b c  |2 rdamedia 
338 |a online resource  |b cr  |2 rdacarrier 
500 |a "Major subject: Recreation and Resources Development." 
500 |a Typescript (photocopy). 
500 |a Vita. 
502 |b M. Ag.  |c Texas A&M University  |d 1986. 
504 |a Bibliography: leaf 48. 
530 |a Also available online. 
650 0 |a Municipal officials and employees  |z Texas  |x Salaries, etc. 
650 0 |a Parks  |z Texas  |x Officials and employees  |x Salaries, etc. 
650 4 |a Major recreation and resources development. 
856 4 1 |u https://hdl.handle.net/1969.1/ETD-TAMU-1986-THESIS-M121S  |z Link to OAKTrust copy  |t 0 
999 |a MARS 
999 f f |s 03a90a04-efe6-312b-9f98-54e33fde5f02  |i fd5c202d-9ded-3477-b461-12f0b540295c  |t 0 
952 f f |p noncirc  |a Texas A&M University  |b J.J. Pickle Campus  |c High Density Repository  |s HDR  |d Remote Storage  |t 0  |e 1986 Thesis M121s  |h Other scheme  |i computer -- online resource  |m A14839617263 
952 f f |a Texas A&M University  |b College Station  |c Electronic Resources  |s www_evans  |d Available Online  |t 0  |e 1986 Thesis M121s  |h Other scheme 
998 f f |a 1986 Thesis M121s  |t 0  |l Available Online 
998 f f |a 1986 Thesis M121s  |t 0  |l Remote Storage